Jogo de Ética 3RH ZL - Statistics

Estatísticas Gerais
  • Esse quiz foi jogado 6 vezes
  • A pontuação média é 3 de 7
Estatísticas das Respostas
Questão Resposta % Correto
Caso a pessoa tenha uma outra infração em processo, o que deve acontecer? Os processos são somados
83%
As sanções podem ser mitigadas quando comprovadamente, quando existir circunstancias : Infração cometida sob coação de superior
50%
Qual o tipo de punição que está em todas as sanções? Multa
50%
As sanções de suspenção e cancelamento não se aplica a qual dessas opções? Pessoa Jurídica
33%
A violação das regras do código de ética de profissionais de administração tem como punição qual das alternativas abaixo? Todas as alternativas
33%
Após o termino do prazo de suspensão, o que o profissional deve solicitar a devolução ao CRA? Carteira de Identidade Profissional
17%
Quem deverá examinar as decisões do CRA que aplicaram as penalidades previstas? Conselho Federal de Administração
17%
Nenhum quiz correspondente encontrado
Distribuição das Pontuações
Porcentagem de Pessoas com Cada Pontuação
Percentil de Números Respondidos
Sua Pontuação Histórica
Você não jogou esse quiz